00343nam a2200109Ia 4500008004000000082001700040100002400057245008100081260003500162300000800197650002800205210210b1968 xxu||||| |||| 00| 0 eng d a330.904 CLOE aCLOUGH (Shepard B). aEuropean economic history: the economic development of Western civilization. aNYbMcGraw hill book co.c1968 a623 aIndian economic history